[Event "FIDE Candidates Tournament 2022"]
[Site "Madrid, Spain"]
[Date "2022.06.17"]
[Round "1.1"]
[White "Duda, Jan-Krzysztof"]
[Black "Rapport, Richard"]
[Result "1/2-1/2"]
[WhiteElo "2750"]
[BlackElo "2764"]
[Annotator "Stockfish 14+ NNUE"]
[PlyCount "137"]
[EventDate "2022.??.??"]
[WhiteClock "0:17:40"]
[BlackClock "0:25:28"]

{[%evp 0,137,28,22,51,55,55,34,33,33,33,20,43,27,27,15,29,-21,51,32,15,42,42,
50,53,56,46,37,50,44,44,69,67,53,64,76,69,64,71,73,101,101,95,95,95,80,103,84,
89,79,89,41,46,35,46,40,40,16,61,41,42,46,65,63,65,68,79,27,33,33,53,53,53,8,5,
2,0,1,2,23,51,59,64,58,63,15,49,56,53,49,41,46,49,32,42,48,48,22,22,22,18,18,
18,18,18,18,18,15,0,0,1,0,0,0,34,0,15,0,0,1,0,0,0,0,0,0,0,0,0,0,0,0,0,0,0,0,0,
0,0,0]} 1. e4 c5 2. Nf3 e6 3. d4 cxd4 4. Nxd4 Nc6 5. Bf4 d6 6. Nxc6 bxc6 7. Bd3
Ne7 8. c4 g6 $6 {Inaccuracy. Ng6 was best.} (8... Ng6 9. Be3) 9. c5 e5 10. Bg5
Bg7 11. cxd6 Qxd6 12. O-O Be6 13. Na3 $6 {Inaccuracy. Nc3 was best.} (13. Nc3
O-O 14. Be2 Qxd1 15. Rfxd1 Nc8 16. Na4 Nb6 17. Nc5 Bc4 18. Bxc4 Nxc4 19. b3 Na3
) 13... Rd8 14. Be2 Qxd1 15. Rfxd1 Rxd1+ 16. Bxd1 $6 {Inaccuracy. Rxd1 was
best.} (16. Rxd1) 16... Kd7 17. Be2 Nc8 18. Rd1+ Kc7 19. Bc4 Bg4 20. f3 f6 21.
Be3 Bd7 22. Be2 h5 23. Nc2 Bf8 24. a3 a5 25. Kf1 $6 {Inaccuracy. b4 was best.}
(25. b4 a4) 25... Be6 26. Bd2 Kb6 27. Ne3 Nd6 28. Rc1 c5 29. Be1 Bh6 30. Rd1
Rd8 31. Nd5+ Bxd5 32. Rxd5 Be3 $6 {Inaccuracy. Nb7 was best.} (32... Nb7 33. b3
Rxd5 34. exd5 Bf4 35. h4 Nd6 36. a4 Be3 37. g4 f5 38. gxh5 gxh5 39. Bc4) 33.
Rd3 $6 {Inaccuracy. b3 was best.} (33. b3 Nb7) 33... Bd4 34. Rb3+ Kc6 35. Bxa5
Ra8 36. Rb6+ Kd7 37. Ra6 Rxa6 38. Bxa6 Bxb2 39. a4 c4 40. Bb4 h4 41. Ke2 Kc6
42. Ba5 Bc1 43. Bd8 Bg5 44. Kd1 Kd7 45. Bb6 Kc6 46. a5 Bf4 47. Kc2 f5 48. Kc3
fxe4 49. fxe4 Nxe4+ 50. Kxc4 Nd6+ 51. Kb4 Bxh2 52. Be2 e4 53. Bc5 Nf5 54. Bb5+
Kc7 55. Bb6+ Kb7 56. Bc4 Nd6 57. Be2 Kc6 58. Bc5 Nf5 59. Bb5+ Kc7 60. a6 Bd6
61. a7 Bxc5+ 62. Kxc5 Kb7 63. Bc6+ Kxa7 64. Bxe4 Ne3 65. Kd4 Nxg2 66. Bxg2 g5
67. Bh3 g4 68. Bxg4 h3 69. Bxh3 1/2-1/2

[Event "FIDE Candidates Tournament 2022"]
[Site "Madrid, Spain"]
[Date "2022.06.17"]
[Round "1.2"]
[White "Ding, Liren"]
[Black "Nepomniachtchi, Ian"]
[Result "0-1"]
[WhiteElo "2806"]
[BlackElo "2766"]
[Annotator "Stockfish 14+ NNUE"]
[PlyCount "64"]
[EventDate "2022.??.??"]
[WhiteClock "0:02:09"]
[BlackClock "0:29:14"]

{[%evp 0,64,28,-12,-27,-51,2,3,3,3,3,4,11,9,-3,14,19,34,46,28,42,-7,-6,-47,18,
18,39,29,33,7,-2,-2,7,-2,19,-12,4,-20,-13,-6,63,33,45,1,7,-41,-29,-141,-55,
-110,-8,0,-19,-125,-125,-283,-238,-505,-513,-605,-605,-605,-899,-921,-921,-921,
-939]} 1. c4 e5 2. g3 c6 3. Nf3 e4 4. Nd4 d5 5. cxd5 Qxd5 6. Nc2 Nf6 7. Nc3 Qe5
8. Bg2 Na6 9. O-O Be7 10. Ne3 O-O 11. a3 Re8 12. b4 Ng4 13. Bb2 Qh5 14. h4 Bf6
15. Qc2 Nxe3 16. dxe3 Bf5 17. Na4 Bxb2 $6 {Inaccuracy. Be7 was best.} (17...
Be7) 18. Nxb2 $6 {Inaccuracy. Qxb2 was best.} (18. Qxb2) 18... Nc7 19. Nc4 Re6
20. Rfd1 Nd5 21. Rd4 $6 {Inaccuracy. b5 was best.} (21. b5 h6) 21... h6 $6 {
Inaccuracy. g5 was best.} (21... g5 22. hxg5 Qxg5 23. b5 Rh6 24. Rc1 Qh5 25.
Kf1 Re8 26. bxc6 bxc6 27. Qa4 Ree6 28. Qa5) 22. Qd2 $2 {Mistake. Rad1 was best.
} (22. Rad1 g5 23. Rxd5 cxd5 24. Rxd5 gxh4 25. Nd6 Rxd6 26. Rxd6 Rc8 27. Qb2
Bg6 28. Qd2 hxg3) 22... Rae8 23. Kh2 Bg4 24. Na5 Rf6 $6 {Inaccuracy. g5 was
best.} (24... g5) 25. Kg1 g5 26. Nxb7 $4 {Blunder. b5 was best.} (26. b5 gxh4
27. bxc6 hxg3 28. fxg3 Qe5 29. Nc4 Qxg3 30. Qe1 Qxe1+ 31. Rxe1 bxc6 32. Rxe4
Rxe4) 26... gxh4 27. Nc5 h3 28. Rxe4 $6 {Inaccuracy. Nxe4 was best.} (28. Nxe4
hxg2) 28... hxg2 29. Rxe8+ Kg7 30. f4 $6 {Checkmate is now unavoidable. f3 was
best.} (30. f3 Bxf3) 30... Qh1+ 31. Kf2 Qxa1 32. Kxg2 Bh3+ 0-1

[Event "FIDE Candidates Tournament 2022"]
[Site "Madrid, Spain"]
[Date "2022.06.17"]
[Round "1.3"]
[White "Caruana, Fabiano"]
[Black "Nakamura, Hikaru"]
[Result "1-0"]
[WhiteElo "2783"]
[BlackElo "2760"]
[Annotator "Stockfish 14+ NNUE"]
[PlyCount "99"]
[EventDate "2022.??.??"]
[WhiteClock "0:16:56"]
[BlackClock "0:31:02"]

{[%evp 0,99,28,22,30,22,19,19,19,17,19,11,14,2,-4,12,6,-6,-6,-9,5,-11,-6,-19,
-7,-7,0,0,0,0,23,37,44,46,46,0,0,-11,-11,-17,-17,-22,-16,-22,41,-3,6,1,0,-11,0,
5,10,0,32,15,15,15,27,40,52,48,52,52,64,41,53,61,88,70,89,70,70,89,101,101,101,
101,101,97,207,101,101,101,93,90,109,88,91,98,122,117,401,409,402,419,579,609,
1576,1641,1641,1641]} 1. e4 e5 2. Nf3 Nc6 3. Bb5 Nf6 4. d3 Bc5 5. Bxc6 dxc6 6.
Nbd2 Be6 7. O-O Bd6 8. Nb3 Qe7 9. Na5 Rb8 10. Bg5 h6 11. Bh4 g5 12. Bg3 Nd7 13.
d4 f6 $6 {Inaccuracy. h5 was best.} (13... h5 14. Bxe5 Nxe5 15. Nxe5 Bxe5 16.
dxe5 Qc5 17. Qd2 Qxe5 18. Rad1 h4 19. h3 O-O 20. b3) 14. Qd3 h5 15. dxe5 Nxe5
16. Bxe5 $6 {Inaccuracy. Nxe5 was best.} (16. Nxe5 fxe5 17. Qc3 O-O 18. a3 Qf6
19. Nc4 Rbe8 20. Bxe5 Bxe5 21. Nxe5 Bc8 22. Qc4+ Be6) 16... fxe5 17. Nc4 $6 {
Inaccuracy. Qc3 was best.} (17. Qc3 O-O) 17... Rd8 18. Nxd6+ cxd6 19. Qe3 g4
20. Nd2 a6 21. b3 O-O $6 {Inaccuracy. h4 was best.} (21... h4 22. f3 Kd7 23.
fxg4 Bxg4 24. h3 Be6 25. Nc4 Kc7 26. Rf3 Rhf8 27. Raf1 Rxf3 28. Rxf3) 22. f3
Qg7 23. fxg4 hxg4 24. Rad1 d5 25. exd5 cxd5 26. Rde1 e4 27. Rxf8+ Rxf8 28. c4
Re8 29. cxd5 Bxd5 30. Nf1 Qe5 31. Qh6 Qg7 32. Qd6 Bc6 33. Ne3 g3 $2 {Mistake.
Rf8 was best.} (33... Rf8 34. Qe6+ Kh7 35. Qxg4 Qxg4 36. Nxg4 a5 37. Ne5 Bd5
38. Nc4 a4 39. Nb6 axb3 40. Nxd5) 34. hxg3 $2 {Mistake. Rf1 was best.} (34. Rf1
) 34... Qe5 35. Qg6+ Qg7 36. Qd6 Qe5 $6 {Inaccuracy. Qc3 was best.} (36... Qc3
37. Qd1) 37. Qh6 Qxg3 38. Rf1 Qg7 39. Qh4 Qh7 $4 {Blunder. Bd7 was best.} (
39... Bd7) 40. Qg3+ $4 {Blunder. Qf4 was best.} (40. Qf4) 40... Qg7 41. Qh4 $2
{Mistake. Qd6 was best.} (41. Qd6) 41... Bd7 42. Rd1 Be6 $2 {Mistake. Re7 was
best.} (42... Re7) 43. Nd5 Rf8 44. Qxe4 Qh6 45. Re1 Rd8 $6 {Inaccuracy. Bd7
was best.} (45... Bd7 46. Qe5 Rf7 47. Ne7+ Kh7 48. Qg3 Qb6+ 49. Re3 a5 50. Qg8+
Kh6 51. Qh8+ Rh7 52. Qe5) 46. Ne7+ Kf7 47. Nf5 Qf6 48. Rf1 Bd5 49. Nh6+ Kg7 50.
Qg4+ 1-0

[Event "FIDE Candidates Tournament 2022"]
[Site "Madrid, Spain"]
[Date "2022.06.17"]
[Round "1.4"]
[White "Radjabov, Teimour"]
[Black "Firouzja, Alireza"]
[Result "1/2-1/2"]
[WhiteElo "2753"]
[BlackElo "2793"]
[Annotator "Stockfish 14+ NNUE"]
[PlyCount "142"]
[EventDate "2022.??.??"]
[WhiteClock "0:34:30"]
[BlackClock "0:20:37"]

{[%evp 0,142,28,10,34,-16,-4,-4,-3,-12,43,60,71,66,66,49,106,63,53,57,57,51,49,
41,42,34,44,41,68,52,38,45,48,45,46,49,80,91,90,83,75,29,50,56,48,44,41,44,33,
51,51,22,-7,26,101,50,76,78,75,82,94,90,101,60,54,88,51,47,52,56,56,56,28,29,
26,33,33,30,91,85,102,92,97,100,95,70,94,94,98,90,93,91,93,102,101,98,101,102,
102,102,102,102,102,102,106,106,123,110,110,98,97,98,99,97,102,101,102,102,102,
102,102,102,102,102,102,102,107,102,106,104,102,107,102,107,96,61,86,86,86,86,
86,80,66,64,5]} 1. d4 Nf6 2. c4 e6 3. Nf3 d5 4. Nc3 dxc4 5. e4 b5 6. e5 Nd5 7.
Nxb5 Nb6 8. Be3 Nc6 9. Be2 Be7 10. O-O O-O 11. Nc3 Rb8 12. a3 Na5 13. Qc2 Nd5
14. Rad1 Ba6 15. Bd2 Nb3 16. Ne4 Nxd2 17. Rxd2 Nf4 18. Bxc4 Rxb2 19. Qxb2 Bxc4
20. Rc1 Bd5 $6 {Inaccuracy. Nd3 was best.} (20... Nd3 21. Qc3 Nxc1 22. Qxc4 Qd5
23. Qc2 Nb3 24. Rd1 h6 25. Qxc7 Qxe4 26. Qxe7 Qc2 27. Rf1) 21. Re1 Qa8 22. Qc2
Bxa3 23. Nfg5 Ng6 24. h4 Bb4 25. h5 Bxd2 26. Qxd2 h6 27. hxg6 hxg5 28. gxf7+
Kxf7 29. Nxg5+ Ke8 30. f3 Kd7 31. Ne4 $6 {Inaccuracy. Ra1 was best.} (31. Ra1)
31... Bxe4 32. Rxe4 Qd5 33. Qb4 Rg8 34. Qa4+ Qc6 35. Qxa7 Ra8 36. Qc5 Qxc5 37.
dxc5 Kc6 38. Rg4 Kxc5 39. Rxg7 Kd5 $6 {Inaccuracy. Rc8 was best.} (39... Rc8
40. Rd7 Kb5 41. Kf1 c5 42. Ke2 c4 43. Kd2 c3+ 44. Kc2 Kc4 45. Rd3 Rg8 46. Rxc3+
) 40. Rxc7 Kxe5 41. Rf7 Kd6 42. Kf2 e5 43. g4 Ke6 44. Rf5 Ra3 45. Rf8 Ke7 46.
Rb8 Kf7 47. Rc8 Ke7 48. Rc2 Kf6 49. Re2 Rb3 50. Re3 Rb2+ 51. Kg3 Rc2 52. Ra3
Rb2 53. Ra6+ Kf7 54. Rh6 Rb3 55. Kf2 Ra3 56. Rb6 Ke7 57. Ke2 Rc3 58. Kf2 Ra3
59. Rb2 Kf6 60. Re2 Rb3 61. Re3 Rb2+ 62. Kg3 Rc2 63. Rb3 Ra2 64. Rb6+ Kf7 65.
g5 Ra4 66. Rf6+ Ke7 67. Rh6 Kf7 68. Rh4 Ra5 69. Kg4 Ra4+ 70. Kh5 Ra3 71. f4
exf4 1/2-1/2